Statistics for Most Common First Three Letters of Countries

Click here to take the quiz!

General Stats

  • This quiz has been taken 812 times
  • The average score is 17 of 26

Answer Stats

Country% Correct
M{AL}
87%
U{NI}
81%
United Kingdom
80%
United States
80%
B{EL}
79%
S{OU}
77%
United Arab Emirates
74%
M{ON}
73%
Belgium
72%
South Korea
71%
Mali
68%
South Sudan
68%
South Africa
67%
Belarus
66%
Malaysia
63%
Malawi
60%
Maldives
60%
Monaco
60%
Belize
59%
S{AI}
59%
Montenegro
58%
Malta
55%
Mongolia
54%
Saint Kitts and Nevis
54%
Saint Lucia
54%
Saint Vincent and
the Grenadines
53%

Score Distribution

Percentile by Number Answered

Percent of People with Each Score

Your Score History

You have not taken this quiz